[Event "Cannes"]
[Site "?"]
[Date "1987.??.??"]
[Round "?"]
[White "Gulko, B."]
[Black "Haik, A."]
[Result "1-0"]
[WhiteElo "2525"]
[BlackElo "2470"]
[PlyCount "83"]
[EventDate "1987.??.??"]
[Source "ChessBase"]
[SourceDate "1987.01.01"]

1. d4 Nf6 2. c4 e6 3. Nc3 Bb4 4. Bg5 h6 5. Bh4 c5 6. d5 Bxc3+ 7. bxc3 d6 8. e3 Qe7 9. Nf3 exd5 10. cxd5 Bf5 11. Bd3 Bxd3 12. Qxd3 Nbd7 13. c4 O-O 14. O-O Rfe8 15. a4 g5 16. Bg3 Ne4 17. Nd2 Ndf6 18. Rae1 Qd7 19. f3 Nxd2 20. Qxd2 Nh5 21. Qc2 Re7 22. Bf2 Rae8 23. g4 Ng7 24. e4 h5 25. h3 f6 26. Bg3 h4 27. Bf2 Re5 28. f4 R5e7 29. e5 dxe5 30. fxg5 f5 31. Bxh4 Rf7 32. Qe2 f4 33. g6 Rff8 34. Bg5 Qxa4 35. d6 Re6 36. Be7 Re8 37. Qd3 Qd7 38. Qd5 Kh8 39. Rxe5 Rxg6 40. Rxf4 Ne6 41. Rh5+ Kg8 42. Bf6 1-0

[Event "Baku"]
[Site "?"]
[Date "1986.??.??"]
[Round "?"]
[White "Bagirov, V."]
[Black "Yudasin, L."]
[Result "1/2-1/2"]
[WhiteElo "2495"]
[BlackElo "2495"]
[PlyCount "36"]
[EventDate "1986.??.??"]
[Source "ChessBase"]
[SourceDate "1987.01.01"]

1. d4 Nf6 2. c4 e6 3. Nc3 Bb4 4. Bg5 h6 5. Bh4 c5 6. d5 d6 7. e3 g5 8. Bg3 Ne4 9. Nge2 e5 10. Rc1 h5 11. f3 Nxg3 12. Nxg3 h4 13. Nge4 f5 14. a3 Bxc3+ 15. Nxc3 Na6 16. Bd3 Bd7 17. Qc2 Qf6 18. e4 f4 1/2-1/2

[Event "Pardubice Open"]
[Site "Pardubice CZE"]
[Date "1995.??.??"]
[Round "?"]
[White "Sotnikov, Igor"]
[Black "Kuzmin, Gennadi P"]
[Result "1/2-1/2"]
[WhiteElo "2440"]
[BlackElo "2545"]
[PlyCount "66"]
[EventDate "1995.07.??"]
[Source "www.chesslib.no"]
[SourceDate "2004.05.04"]

1. d4 Nf6 2. c4 e6 3. Nc3 Bb4 4. Bg5 c5 5. d5 Bxc3+ 6. bxc3 d6 7. e3 h6 8. Bh4 O-O 9. Nf3 exd5 10. cxd5 Nbd7 11. c4 g5 12. Bg3 Ne4 13. Bd3 Qa5+ 14. Nd2 Ndf6 15. Bxe4 Nxe4 16. f3 Nxg3 17. hxg3 Re8 18. Kf2 Bf5 19. e4 Bg6 20. Qc2 h5 21. Qb2 Qb4 22. Qxb4 cxb4 23. Rhb1 a5 24. a3 f5 25. axb4 fxe4 26. fxe4 Bxe4 27. Re1 Rf8+ 28. Kg1 Bf5 29. bxa5 Rae8 30. Rxe8 Rxe8 31. Kf2 Kf7 32. Ra3 Kf6 33. Rb3 Bg4 1/2-1/2

[Event "Eastern Class Ch"]
[Site "Eastern Class ch"]
[Date "1995.??.??"]
[Round "?"]
[White "Fang, Joseph"]
[Black "Yermolinsky, Alex"]
[Result "1/2-1/2"]
[WhiteElo "2405"]
[BlackElo "2580"]
[PlyCount "85"]
[EventDate "1995.??.??"]
[Source "www.chesslib.no"]
[SourceDate "2004.05.04"]

1. d4 Nf6 2. c4 e6 3. Nc3 Bb4 4. Bg5 h6 5. Bh4 c5 6. d5 Bxc3+ 7. bxc3 d6 8. e3 e5 9. Bd3 e4 10. Bc2 Nbd7 11. Qb1 Qe7 12. a4 Ne5 13. Bxe4 g5 14. Bg3 Nxe4 15. Qxe4 f5 16. Qc2 Nxc4 17. Ne2 Bd7 18. a5 Qe4 19. Qxe4+ fxe4 20. h4 O-O-O 21. Nc1 Rhf8 22. Nb3 Rf5 23. hxg5 hxg5 24. a6 Rxd5 25. axb7+ Kxb7 26. Rh7 Kb6 27. Re7 a6 28. Rxe4 Bb5 29. Rxc4 Bxc4 30. Nd2 Bb5 31. c4 Rxd2 32. Kxd2 Bxc4 33. Rh1 a5 34. Rh6 Kc6 35. e4 a4 36. e5 a3 37. Rxd6+ Rxd6+ 38. exd6 a2 39. Be5 Be6 40. Kc2 Bd5 41. Bf6 Kxd6 42. Kb2 g4 43. f3 1/2-1/2

[Event "St Petersburg Open"]
[Site "St Petersburg RUS"]
[Date "1993.??.??"]
[Round "?"]
[White "Lempert, Igor"]
[Black "Lerner, Konstantin Z"]
[Result "0-1"]
[WhiteElo "2455"]
[BlackElo "2530"]
[PlyCount "122"]
[EventDate "1993.10.??"]
[Source "www.chesslib.no"]
[SourceDate "2004.05.04"]

1. d4 Nf6 2. c4 e6 3. Nc3 Bb4 4. Bg5 c5 5. d5 h6 6. Bh4 d6 7. e3 Bxc3+ 8. bxc3 Qe7 9. Nf3 e5 10. Qc2 Bg4 11. Nd2 g5 12. Bg3 Nbd7 13. Bd3 Kf8 14. f3 Bh5 15. Rb1 b6 16. e4 Bg6 17. Bf2 Nh5 18. g3 Ndf6 19. h3 Qd7 20. Nf1 Ke7 21. Ne3 Kd8 22. Ke2 Kc7 23. Rb3 Ng8 24. Nf5 Bxf5 25. exf5 Ngf6 26. Rbb1 e4 27. fxe4 Rhe8 28. Kf1 Re7 29. Kg2 Qe8 30. Qd1 Rxe4 31. Bxe4 Qxe4+ 32. Qf3 Qxc4 33. Rhe1 Rd8 34. Rb2 Qxd5 35. Re7+ Rd7 36. Rxd7+ Kxd7 37. c4 Qxf3+ 38. Kxf3 d5 39. cxd5 Nxd5 40. Ke4 Nhf6+ 41. Ke5 Kc6 42. Rc2 Nd7+ 43. Ke4 N5f6+ 44. Ke3 b5 45. g4 b4 46. Bg3 a5 47. Rd2 Nd5+ 48. Ke4 N7b6 49. Be5 f6 50. Ba1 a4 51. h4 c4 52. Bd4 Nd7 53. hxg5 hxg5 54. Rd1 c3 55. Kd3 Nc5+ 56. Kc4 c2 57. Re1 Nb6+ 58. Kxb4 Nd3+ 59. Kc3 Nxe1 60. Kb2 Nc4+ 61. Kc1 Na3 0-1

[Event "ROM Team Ch"]
[Site "Romania"]
[Date "1992.??.??"]
[Round "?"]
[White "Ionescu, Constantin"]
[Black "Suba, Mihai"]
[Result "1/2-1/2"]
[WhiteElo "2465"]
[BlackElo "2520"]
[PlyCount "31"]
[EventDate "1992.??.??"]
[Source "www.chesslib.no"]
[SourceDate "2004.05.04"]

1. d4 Nf6 2. c4 e6 3. Nc3 Bb4 4. Bg5 h6 5. Bh4 c5 6. d5 d6 7. e3 Bxc3+ 8. bxc3 Qe7 9. Nf3 Nbd7 10. Nd2 O-O 11. dxe6 Qxe6 12. Be2 b6 13. O-O Bb7 14. Bg3 Rfe8 15. Re1 Bc6 16. a4 1/2-1/2

[Event "Thessaloniki ol (Men)"]
[Site "Thessaloniki GRE"]
[Date "1988.??.??"]
[Round "6"]
[White "Spassky, Boris Vasily"]
[Black "Tisdall, Jonathan D"]
[Result "1/2-1/2"]
[WhiteElo "2560"]
[BlackElo "2425"]
[PlyCount "37"]
[EventDate "1988.11.??"]
[Source "www.chesslib.no"]
[SourceDate "2004.05.04"]

1. d4 Nf6 2. c4 e6 3. Nc3 Bb4 4. Bg5 h6 5. Bh4 c5 6. d5 Bxc3+ 7. bxc3 d6 8. e3 Qe7 9. Nf3 e5 10. Nd2 g5 11. Bg3 Bf5 12. h4 Rg8 13. hxg5 hxg5 14. Qb3 Kd8 15. a4 Kc7 16. a5 Na6 17. Be2 Rh8 18. O-O-O Rag8 19. Rde1 1/2-1/2